000 00679cam a22002052a 4500
001 022231
003 AR-FADEU
008 311216n2010####xxu####################dd
020 _a978-84-7800-155-2
092 _aD343
_bP438
100 _aPérez Alvarez, Fernando, ed.
245 _aTemas actuales de investigación en ciencias penales
260 _aSalamanca
260 _bUniversidad de Salamanca
260 _c2010
300 _a452 p
500 _aMemorias: 1 Congreso Internacional de jóvenes investigadores en Ciencias Penales 26, 27 y 28 de octubre de 2009
650 _aDERECHO PENAL; DELITO-TEORIA; POLITICA CRIMINAL; DERECHO PENAL ECONOMICO
942 _cBDGR
999 _c27933
_d27933